Statistics for Most Common Papal Names

Click here to take the quiz!

General Stats

  • This quiz has been taken 153 times
  • The average score is 9 of 16

Answer Stats

pope% Correct
John (21)
96%
Paul (6)
92%
Benedict (15)
86%
Pius (12)
76%
Leo (13)
66%
Urban (8)
63%
Innocent (13)
62%
Gregory (16)
55%
Clement (14)
50%
Alexander (7)
49%
Stephen (9)
40%
Boniface (8)
36%
Sixtus (5)
34%
Adrian (6)
29%
Nicholas (5)
28%
Celestine (5)
20%

Score Distribution

Percentile by Number Answered

Percent of People with Each Score

Your Score History

You have not taken this quiz